000 00471nam a22001577a 4500
999 _c60701
_d60701
005 20231010163839.0
008 231010s1979 enk||||| |||| 00| 0 eng d
041 _aeng
080 _a902 R-47
100 _aReusch, Wilhelm
_920053
245 _aTrier Imperial Baths /
_c Wilhelm Reusch.
264 _aMainz,
_c1979.
300 _a36 p.:
_bill.;
_c18 cm.
653 _aტრიერის საიმპერატორო აბანოები
942 _2udc
_cBK